000 00999nam a2200241Ia 4500
003 OSt
005 20200827120316.0
008 191128s1996 ck ad gr 000 0 spa d
020 _a958959994X
040 _aCo-JMCR
_cCo-JMCR
082 0 4 _a370.1934 /
_bC675e
_223
100 1 _aMoncayo Jimenéz, Edgar,
_eautor
_99346
245 1 3 _aEl futuro de la capital :
_bestudio prospectivo de educación /
_cEdgar Moncayo Jimenéz
250 _aPrimera edición
260 _aBogotá :
_bTercer mundo,
_c1996.
300 _axxiv, 131 páginas :
_bgráficos, mapas a blanco y negro ;
_c24 cm.
500 _aIncluye notas a pie de páginas.
504 _aBibliografía : páginas 129-131.
505 0 _aEvolución historica reciente y diagnóstico cuantitativo de la situación actual -- Tendencias de la educación y retos contemporáneos -- Contexto político y programatico para la educación en el distrito
650 2 4 _aEducación
_99347
650 2 4 _aEducación pública
_99348
942 _2ddc
_cBK
999 _c6078
_d6078